|
|
|
|
| LEADER |
00763nam a2200181Ia 4500 |
| 001 |
CTU_33568 |
| 008 |
210402s9999 xx 000 0 und d |
| 082 |
|
|
|a 633.18
|
| 082 |
|
|
|b H507
|
| 100 |
|
|
|a Ngô Minh Huệ
|
| 245 |
|
0 |
|a Hiệu quả của sự đánh bùn và không đánh bùn, và thời kỳ bón phân trên sự sinh trưởng của lúa Thần nông 73-2 trồng trên đất sét Cần Thơ
|
| 245 |
|
0 |
|c Ngô Minh Huệ
|
| 260 |
|
|
|a Cần Thơ
|
| 260 |
|
|
|b Viện Đại Học Cần Thơ - Đại Học Nông Nghiệp
|
| 260 |
|
|
|c 1974
|
| 650 |
|
|
|a plant-soil relationships,rice, effect of clay soils on
|
| 904 |
|
|
|i Minh, 991103
|
| 980 |
|
|
|a Trung tâm Học liệu Trường Đại học Cần Thơ
|